[Event "2nd Sharjah Masters 2018"]
[Site "Sharjah UAE"]
[Date "2018.04.12"]
[Round "1.2"]
[White "Aditya, Mittal"]
[Black "Kryvoruchko, Yuriy"]
[Result "0-1"]
[WhiteTitle "CM"]
[BlackTitle "GM"]
[WhiteElo "2212"]
[BlackElo "2703"]
[WhiteFideId "35042025"]
[BlackFideId "14109182"]
[EventDate "2018.04.12"]

1. d4 Nf6 2. c4 e6 3. Nf3 b6 4. Bf4 Bb7 5. e3 Bb4+ 6. Nfd2 c5 7. a3 Bxd2+ 8.
Qxd2 cxd4 9. Qxd4 O-O 10. Nc3 Nc6 11. Qd3 Rc8 12. Nb5 d5 13. Nd6 dxc4 14. Qd1
Na5 15. Rc1 b5 16. b4 Nb3 17. Nxb7 Qb6 18. Nc5 Rxc5 19. bxc5 Qa5+ 20. Ke2 Rd8
21. Bd6 Ne4 22. Qc2 Nbxc5 23. f3 Nxd6 24. Rd1 Qxa3 25. Kf2 g6 26. Be2 Nd3+ 27.
Rxd3 cxd3 28. Bxd3 Rc8 29. Qd2 Nc4 30. Qe2 a5 31. Rb1 Qc5 32. Rc1 a4 33. Bxc4
bxc4 34. Qa2 Qb4 35. Rb1 Qa5 36. Qa3 Qd2+ 37. Kg3 c3 38. Rb7 c2 39. Qe7 Rf8 0-1

[Event "2nd Sharjah Masters 2018"]
[Site "Sharjah UAE"]
[Date "2018.04.12"]
[Round "1.3"]
[White "Artemiev, Vladislav"]
[Black "Zhu, Yilun"]
[Result "1-0"]
[WhiteTitle "GM"]
[WhiteElo "2701"]
[BlackElo "2195"]
[WhiteFideId "24101605"]
[BlackFideId "8609292"]
[EventDate "2018.04.12"]

1. Nf3 Nf6 2. g3 d5 3. Bg2 e6 4. O-O Be7 5. d3 O-O 6. Nbd2 c5 7. e4 Nc6 8. Re1
b5 9. a4 b4 10. exd5 exd5 11. d4 cxd4 12. Nb3 Bg4 13. Nbxd4 Nxd4 14. Qxd4 Rc8
15. Qd3 Bc5 16. Be3 Bxe3 17. Rxe3 Bxf3 18. Bxf3 Qc7 19. Re2 Rfe8 20. Rae1 Rxe2
21. Rxe2 Qd6 22. h4 Qd7 23. g4 Nxg4 24. Qxd5 Qxd5 25. Bxd5 Kf8 26. Bb3 a5 27. f3
Nf6 28. Re5 Ra8 29. Kf2 Nd7 30. Rh5 h6 31. Ke3 Ke7 32. Kd4 f6 33. f4 Kd6 34.
Rd5+ Kc7 35. h5 Nb8 36. Rc5+ Nc6+ 37. Rxc6+ 1-0

[Event "2nd Sharjah Masters 2018"]
[Site "Sharjah UAE"]
[Date "2018.04.12"]
[Round "1.4"]
[White "Abou El Zein, Eid Mahmoud"]
[Black "Naiditsch, Arkadij"]
[Result "0-1"]
[WhiteTitle "IM"]
[BlackTitle "GM"]
[WhiteElo "2156"]
[BlackElo "2701"]
[WhiteFideId "10600078"]
[BlackFideId "4650891"]
[EventDate "2018.04.12"]

1. c4 Nf6 2. Nc3 g6 3. d4 Bg7 4. e4 d6 5. f4 O-O 6. Nf3 c5 7. d5 e6 8. Be2 exd5
9. cxd5 Na6 10. O-O Nc7 11. a4 Re8 12. Bd3 a6 13. Qb3 Bg4 14. Nd2 Nh5 15. Nc4
Bd4+ 16. Be3 b5 17. axb5 axb5 18. Nxb5 Rxa1 19. Rxa1 Nxb5 20. Qxb5 Bd7 21. Qb7
Bxe3+ 22. Nxe3 Nxf4 23. Bf1 Bc8 24. Qc6 Rxe4 25. Nc4 Ne2+ 26. Bxe2 Rxe2 27. Nxd6
Bb7 28. Nxb7 Qh4 29. Rf1 Qd4+ 30. Kh1 Qf2 31. Rg1 Re1 32. h3 0-1

[Event "2nd Sharjah Masters 2018"]
[Site "Sharjah UAE"]
[Date "2018.04.12"]
[Round "1.5"]
[White "Amin, Bassem"]
[Black "Ma, Lin"]
[Result "1/2-1/2"]
[WhiteTitle "GM"]
[WhiteElo "2700"]
[BlackElo "2156"]
[WhiteFideId "10601457"]
[BlackFideId "8610533"]
[EventDate "2018.04.12"]

1. e4 c5 2. d3 d6 3. g3 g6 4. Bg2 Bg7 5. c3 Nc6 6. Nf3 Nf6 7. O-O O-O 8. Re1 Rb8
9. h3 b5 10. a3 a5 11. d4 Nd7 12. Be3 b4 13. axb4 cxd4 14. Nxd4 Nxd4 15. Bxd4
axb4 16. Bxg7 Kxg7 17. Qd4+ Nf6 18. c4 Qb6 19. Qxb6 Rxb6 20. Nd2 Nd7 21. Ra7 Ra6
22. Ra1 Rxa1+ 23. Rxa1 Nc5 24. Ra5 Bd7 25. Ra7 Rb8 26. e5 Rb6 27. Ne4 Rb7 28.
Ra5 Nxe4 29. Bxe4 Rc7 30. Bd5 Bxh3 31. exd6 exd6 32. b3 Be6 33. Bf3 Rc5 34. Rb5
Kf6 35. Rxb4 d5 36. cxd5 Bxd5 37. Rb6+ Ke5 38. b4 Rc1+ 39. Kg2 Bxf3+ 40. Kxf3
Rc3+ 41. Kg2 Rb3 42. b5 h5 43. Rb8 Kf5 44. b6 Kg4 45. b7 Rb2 46. Rc8 1/2-1/2

[Event "2nd Sharjah Masters 2018"]
[Site "Sharjah UAE"]
[Date "2018.04.12"]
[Round "1.6"]
[White "Bhambure, Shantanu"]
[Black "Eljanov, Pavel"]
[Result "0-1"]
[BlackTitle "GM"]
[WhiteElo "2155"]
[BlackElo "2700"]
[WhiteFideId "5025931"]
[BlackFideId "14102951"]
[EventDate "2018.04.12"]

1. d4 Nf6 2. c4 e6 3. Nf3 b6 4. a3 Bb7 5. Nc3 d5 6. Bg5 Be7 7. Qa4+ c6 8. Bxf6
Bxf6 9. cxd5 exd5 10. g3 O-O 11. Bg2 Re8 12. O-O Na6 13. Rfd1 Nc7 14. Rac1 g6
15. e3 Bg7 16. Ne1 Qe7 17. Nd3 Red8 18. b4 Qe8 19. Qb3 Ba6 20. Nb2 Bc8 21. a4
Be6 22. Nd3 Rab8 23. Qc2 Rbc8 24. Qb2 Bg4 25. Rd2 Ne6 26. h3 Bf5 27. g4 Be4 28.
Nxe4 dxe4 29. Ne5 c5 30. bxc5 Bxe5 31. dxe5 Nxc5 32. Rd4 Nxa4 33. Rxc8 Rxc8 34.
Qd2 Nc5 35. Rd5 a5 36. Qd4 a4 37. Bxe4 Nxe4 38. Qxe4 a3 39. Rd2 Qc6 40. Qb4 Qc5
41. Qb3 Qc1+ 42. Rd1 a2 43. e6 a1=Q 0-1

[Event "2nd Sharjah Masters 2018"]
[Site "Sharjah UAE"]
[Date "2018.04.12"]
[Round "1.7"]
[White "Inarkiev, Ernesto"]
[Black "Sultan, Ibrahim"]
[Result "1-0"]
[WhiteTitle "GM"]
[BlackTitle "IM"]
[WhiteElo "2680"]
[BlackElo "2141"]
[WhiteFideId "4162722"]
[BlackFideId "9301143"]
[EventDate "2018.04.12"]

1. e4 e6 2. d4 d5 3. Nc3 Nf6 4. e5 Nfd7 5. f4 c5 6. Nf3 Nc6 7. Be3 cxd4 8. Nxd4
Bc5 9. Qd2 a6 10. O-O-O Bxd4 11. Bxd4 b5 12. Ne2 b4 13. f5 exf5 14. Nf4 O-O 15.
e6 Nf6 16. Bxf6 Qxf6 17. Qxd5 Bb7 18. exf7+ Kh8 19. Bc4 Nd8 20. Qd6 Qxd6 21.
Rxd6 Nxf7 22. Rd7 Nd8 23. Re1 Bc6 24. Re3 1-0

[Event "2nd Sharjah Masters 2018"]
[Site "Sharjah UAE"]
[Date "2018.04.12"]
[Round "1.8"]
[White "Ajay, Karthikeyan"]
[Black "Kravtsiv, Martyn"]
[Result "0-1"]
[BlackTitle "GM"]
[WhiteElo "2127"]
[BlackElo "2680"]
[WhiteFideId "35011685"]
[BlackFideId "14113147"]
[EventDate "2018.04.12"]

1. d4 Nf6 2. Bf4 d5 3. e3 c5 4. c3 Nc6 5. Nd2 e6 6. Ngf3 Bd6 7. Bg3 Qe7 8. Ne5
Bxe5 9. dxe5 Nd7 10. f4 b6 11. Bd3 Bb7 12. O-O O-O-O 13. Qe2 f5 14. exf6 gxf6
15. e4 d4 16. e5 fxe5 17. fxe5 dxc3 18. Nc4 Nd4 19. Qh5 cxb2 20. Rab1 Rdf8 21.
Nd6+ Kc7 22. Rxb2 Rxf1+ 23. Kxf1 Rf8+ 24. Rf2 Bd5 25. a3 c4 26. Bxc4 Bxc4+ 27.
Nxc4 Qc5 28. Ne3 Qxa3 29. Rxf8 Qxf8+ 30. Bf2 Qc5 31. g4 Qc1+ 32. Kg2 Qc6+ 33.
Kg1 Ne2+ 34. Kf1 Nf4 35. Qxh7 Qc1+ 36. Be1 Qxe3 37. Qc2+ Nc5 38. Bg3 Qf3+ 39.
Qf2 Qd1+ 40. Qe1 Qxg4 0-1

[Event "2nd Sharjah Masters 2018"]
[Site "Sharjah UAE"]
[Date "2018.04.12"]
[Round "1.9"]
[White "Jones, Gawain C B"]
[Black "Nikhil, Magizhnan"]
[Result "1-0"]
[WhiteTitle "GM"]
[BlackTitle "CM"]
[WhiteElo "2675"]
[BlackElo "2105"]
[WhiteFideId "409561"]
[BlackFideId "35075497"]
[EventDate "2018.04.12"]

1. c4 e6 2. g3 d5 3. Bg2 Nf6 4. Nf3 Be7 5. O-O O-O 6. b3 d4 7. e3 c5 8. d3 Nc6
9. Re1 e5 10. e4 h6 11. Nh4 Nh7 12. Nf5 Bxf5 13. exf5 Qd7 14. Be4 Nf6 15. Qf3
Nxe4 16. Rxe4 Bf6 17. Qh5 Nb4 18. Rg4 Kh7 19. Nd2 Nxd3 20. Ne4 Qd8 21. Bg5 Bxg5
22. Nxg5+ Kg8 23. Ne4 f6 24. Qxh6 Qd7 25. a3 b5 26. cxb5 Rab8 27. Nxf6+ Rxf6 28.
Qxf6 Rf8 29. Qe6+ Qxe6 30. fxe6 Nxf2 31. Rh4 Nd3 32. Rd1 c4 33. bxc4 Nb2 34. Rf1
Rxf1+ 35. Kxf1 Nxc4 36. Ke2 Kf8 37. Kd3 Nxa3 38. Re4 Nxb5 39. Rxe5 a6 40. e7+
Ke8 41. h4 Na7 42. Rg5 Nc6 43. Rxg7 a5 44. h5 Nxe7 45. h6 Kf8 46. Rxe7 1-0

[Event "2nd Sharjah Masters 2018"]
[Site "Sharjah UAE"]
[Date "2018.04.12"]
[Round "1.11"]
[White "Adhiban, Baskaran"]
[Black "Al Hosani, Omran"]
[Result "1-0"]
[WhiteTitle "GM"]
[BlackTitle "FM"]
[WhiteElo "2661"]
[BlackElo "2101"]
[WhiteFideId "5018471"]
[BlackFideId "9308733"]
[EventDate "2018.04.12"]

1. Nf3 Nf6 2. c4 g6 3. Nc3 Bg7 4. g3 O-O 5. Bg2 d5 6. cxd5 Nxd5 7. h4 h6 8. O-O
c5 9. d3 Nc6 10. Nxd5 Qxd5 11. Be3 Qd6 12. Qc1 Qf6 13. Bxh6 Bxh6 14. Qxh6 Qxb2
15. Rac1 Nd4 16. Rxc5 Nxe2+ 17. Kh2 Bg4 18. Ng5 Qg7 19. Qxg7+ Kxg7 20. Re1 Nd4
21. Rxe7 Rae8 22. Rxe8 Rxe8 23. Rc7 Be6 24. Rxb7 Bxa2 25. Rd7 Nb5 26. Bd5 Bxd5
27. Rxd5 Nc3 28. Rd7 a5 29. Rxf7+ Kg8 30. Rc7 Nb5 31. Rc6 Kg7 32. Ra6 Re2 33.
Kg2 Ra2 34. Ne6+ Kf7 35. Nf4 a4 36. Nxg6 a3 37. Ra5 Rb2 38. Ne5+ Ke6 39. Nc4 Rb3
40. h5 Kf6 41. g4 1-0

[Event "2nd Sharjah Masters 2018"]
[Site "Sharjah UAE"]
[Date "2018.04.12"]
[Round "1.12"]
[White "Jishitha, D"]
[Black "Safarli, Eltaj"]
[Result "0-1"]
[WhiteTitle "WFM"]
[BlackTitle "GM"]
[WhiteElo "2083"]
[BlackElo "2653"]
[WhiteFideId "35031660"]
[BlackFideId "13402129"]
[EventDate "2018.04.12"]

1. c4 e5 2. Nc3 Nc6 3. Nf3 Nf6 4. e3 Bb4 5. Qc2 Bxc3 6. Qxc3 Qe7 7. d4 d6 8. b4
Bg4 9. dxe5 Nxe5 10. Nxe5 dxe5 11. f3 Be6 12. e4 Nd7 13. Be3 O-O 14. Bd3 Rfd8
15. O-O c5 16. b5 f6 17. a4 Bf7 18. Qa3 Rac8 19. Rad1 Nf8 20. Be2 Re8 21. Rd2
Ne6 22. Rfd1 Nd4 23. Bxd4 cxd4 24. Qxe7 Rxe7 25. Rc1 Rc5 26. Rb2 Rec7 27. a5 Kf8
28. Kf2 Ke7 29. Ke1 b6 30. Kd2 Bxc4 31. Rbc2 Be6 32. Rxc5 bxc5 33. b6 axb6 34.
axb6 Rb7 35. Rxc5 Rxb6 36. Rc7+ Bd7 37. Kc2 g5 38. g4 Rc6+ 39. Rxc6 Bxc6 40. Kb3
Kd6 41. Kb4 Be8 42. Bc4 h5 43. h3 h4 44. Be2 Bd7 45. Bc4 Kc6 46. Bf1 Kb6 47. Kb3
Bb5 48. Bg2 Kc5 49. Kc2 Kb4 50. Kd2 Kb3 51. Bh1 Bf1 0-1

[Event "2nd Sharjah Masters 2018"]
[Site "Sharjah UAE"]
[Date "2018.04.12"]
[Round "1.14"]
[White "Song, Yuxin"]
[Black "Rakhmanov, Aleksandr"]
[Result "1/2-1/2"]
[WhiteTitle "WCM"]
[BlackTitle "GM"]
[WhiteElo "2075"]
[BlackElo "2652"]
[WhiteFideId "8614300"]
[BlackFideId "4173708"]
[EventDate "2018.04.12"]

1. e4 d5 2. exd5 Qxd5 3. Nc3 Qd6 4. d4 g6 5. Nf3 Bg7 6. Nb5 Qb6 7. Bc4 a6 8. Nc3
Nf6 9. O-O O-O 10. h3 Nc6 11. a3 Na5 12. Ba2 Qd6 13. Qe2 b5 14. Re1 e6 15. Bg5
Bb7 16. Rad1 Bd5 17. Bxd5 Nxd5 18. Ne4 Qc6 19. Ne5 Qe8 20. Nc5 f6 21. Bd2 fxe5
22. Bxa5 Rf5 23. Nd3 Qe7 24. Bb4 Nxb4 25. axb4 exd4 26. Qxe6+ Qxe6 27. Rxe6 Bf8
28. g4 Rd5 29. Ra1 Bd6 30. Kf1 Kf7 1/2-1/2

[Event "2nd Sharjah Masters 2018"]
[Site "Sharjah UAE"]
[Date "2018.04.12"]
[Round "1.15"]
[White "Kovalev, Vladislav"]
[Black "Al-Zaabi, Sultan"]
[Result "1-0"]
[WhiteTitle "GM"]
[BlackTitle "CM"]
[WhiteElo "2648"]
[BlackElo "2061"]
[WhiteFideId "13504398"]
[BlackFideId "9307583"]
[EventDate "2018.04.12"]

1. d4 Nf6 2. Bf4 c5 3. d5 d6 4. Nc3 g6 5. e4 Bg7 6. Bb5+ Nbd7 7. a4 a6 8. Bc4
Qa5 9. Bd2 O-O 10. f4 Qb4 11. b3 Qa5 12. Nf3 Ng4 13. Ne2 Qc7 14. Ra2 b6 15. h3
Ngf6 16. Nc3 Nh5 17. Ne2 Rb8 18. Bd3 e6 19. c4 exd5 20. exd5 Nhf6 21. O-O b5 22.
Qc2 Bb7 23. g4 Nxd5 24. cxd5 Bxd5 25. axb5 axb5 26. Bc3 Qc6 27. Bxg7 Kxg7 28.
Nd2 Rfe8 29. Kf2 Kg8 30. Qc3 Qb6 31. Qa5 Qc6 32. Qa6 Rb6 33. Qa3 c4 34. bxc4
bxc4 35. Nd4 Qc7 36. Rc2 Ra8 37. Qc3 Qc5 38. Nxc4 Rb4 39. Kg3 Rc8 40. Nb3 Rxc4
41. Bxc4 Qxc4 42. Qxc4 Rxc4 43. Rxc4 Bxc4 44. Rb1 d5 45. Nd4 Nf6 46. Rb8+ Kg7
47. Rb7 Kg8 48. Kf3 h5 49. g5 Ne4 50. h4 Bd3 51. Ke3 Bc4 52. f5 Nd6 53. Rb8+ Kg7
54. f6+ Kh7 55. Rf8 Ba2 56. Kf4 Bb1 57. Rd8 Nf5 58. Nxf5 Bxf5 59. Rxd5 Be6 60.
Rd8 Ba2 61. Ke5 Bc4 62. Kd6 Bd5 63. Ke7 Be6 64. Rf8 1-0

[Event "2nd Sharjah Masters 2018"]
[Site "Sharjah UAE"]
[Date "2018.04.12"]
[Round "1.16"]
[White "Asmar, Elie"]
[Black "Mareco, Sandro"]
[Result "1/2-1/2"]
[BlackTitle "GM"]
[WhiteElo "2060"]
[BlackElo "2645"]
[WhiteFideId "5301432"]
[BlackFideId "112275"]
[EventDate "2018.04.12"]

1. e4 c5 2. Nf3 d6 3. d4 cxd4 4. Qxd4 Nc6 5. Bb5 a6 6. Bxc6+ bxc6 7. c4 e5 8.
Qd3 Qc7 9. O-O Nf6 10. Nc3 Be7 11. b3 O-O 12. Bg5 h6 13. Bh4 Bg4 14. h3 Be6 15.
Rac1 Rac8 16. Rfd1 Rfd8 17. Qe3 Qb8 18. g4 Qb7 19. Bg3 Nd7 20. Na4 f6 21. Nh4 d5
22. cxd5 cxd5 23. Rxc8 Rxc8 24. exd5 Bxd5 25. Nf5 Bf8 26. Kh2 Nc5 27. Rxd5 Nxa4
28. Qd2 Nc5 29. Nd6 Bxd6 30. Rxd6 Ne4 31. Qd5+ Qxd5 32. Rxd5 g6 33. Kg2 Rc2 34.
Ra5 Rc6 35. Ra4 Nc3 36. Ra5 Kf7 37. h4 g5 38. hxg5 hxg5 39. b4 Ke6 40. a4 Nd5
41. b5 axb5 42. axb5 Rc4 43. Ra6+ Kd7 44. f3 Rb4 45. b6 Nxb6 46. Bf2 Nc4 47.
Rxf6 Rb2 48. Kg3 1/2-1/2

[Event "2nd Sharjah Masters 2018"]
[Site "Sharjah UAE"]
[Date "2018.04.12"]
[Round "1.17"]
[White "Sethuraman, S.P."]
[Black "Balasubramaniam, H"]
[Result "1-0"]
[WhiteTitle "GM"]
[WhiteElo "2631"]
[BlackElo "2060"]
[WhiteFideId "5021596"]
[BlackFideId "35053248"]
[EventDate "2018.04.12"]

1. e4 d6 2. d4 Nf6 3. f3 e5 4. d5 g6 5. Bd3 Bg7 6. c4 O-O 7. Bg5 h6 8. Be3 Nh5
9. Qd2 Nf4 10. Bf1 Kh7 11. Nc3 Nh5 12. O-O-O Nd7 13. Bd3 Nc5 14. Bc2 f5 15. exf5
Bxf5 16. Bxf5 gxf5 17. Nge2 Qh4 18. Qc2 Kh8 19. Ng3 f4 20. Nxh5 fxe3 21. Qg6 Rg8
22. g3 Qg5 23. Qxg5 hxg5 24. Rhe1 g4 25. Nxg7 Rxg7 26. Rxe3 Rf8 27. fxg4 Rxg4
28. b3 Rd4 29. Nb5 Rxd1+ 30. Kxd1 e4 31. Ke2 Rf7 32. Nc3 Rh7 33. h4 Re7 34. b4
Nd3 35. a3 Ne5 36. Rxe4 Rg7 37. Kf2 Kh7 38. Ne2 Kg6 39. g4 Rh7 40. Kg3 Rg7 41.
Nf4+ Kh7 42. g5 Kg8 43. Nh5 Rf7 44. Nf6+ Kf8 45. h5 Rg7 46. Kf4 Kf7 47. Kf5 Kf8
48. h6 Re7 49. g6 1-0

[Event "2nd Sharjah Masters 2018"]
[Site "Sharjah UAE"]
[Date "2018.04.12"]
[Round "1.18"]
[White "Mullick, Raahil"]
[Black "Adly, Ahmed"]
[Result "0-1"]
[WhiteTitle "CM"]
[BlackTitle "GM"]
[WhiteElo "2053"]
[BlackElo "2626"]
[WhiteFideId "35080350"]
[BlackFideId "10601619"]
[EventDate "2018.04.12"]

1. e4 c5 2. Nf3 Nf6 3. Nc3 d6 4. d4 cxd4 5. Nxd4 Nc6 6. Bg5 e6 7. Qd2 a6 8.
O-O-O Bd7 9. Be2 h6 10. Bxf6 Qxf6 11. Nxc6 Bxc6 12. f4 Be7 13. Bf3 Rd8 14. g4 g5
15. f5 Qe5 16. Qd4 Qxd4 17. Rxd4 h5 18. fxe6 fxe6 19. gxh5 Bf6 20. Rd3 Ke7 21.
Ne2 Rdf8 22. Re1 Be5 23. h3 Rf6 24. Ng1 Rhf8 25. Bg4 Rf1 26. Rxf1 Rxf1+ 27. Rd1
Rf2 28. Re1 Bf4+ 29. Kb1 Bxe4 30. Ne2 Be5 31. a3 d5 32. Ka2 Bxc2 33. Nc3 Kd6 34.
Re2 Rxe2 35. Nxe2 d4 36. h6 Ke7 37. Bf3 Kf7 38. Ng1 b6 39. b4 Kg6 40. Kb2 Bf5
41. Kc1 Bf4+ 42. Kd1 d3 43. Bb7 a5 44. Nf3 axb4 45. axb4 Kxh6 46. Nd4 Bxh3 47.
Bf3 e5 48. Nb3 g4 49. Be4 g3 50. Nd2 g2 51. Nf3 Bg4 0-1

[Event "2nd Sharjah Masters 2018"]
[Site "Sharjah UAE"]
[Date "2018.04.12"]
[Round "1.20"]
[White "Sun, Chao"]
[Black "Maghsoodloo, Parham"]
[Result "0-1"]
[BlackTitle "GM"]
[WhiteElo "2041"]
[BlackElo "2615"]
[WhiteFideId "8622990"]
[BlackFideId "12539929"]
[EventDate "2018.04.12"]

1. Nf3 Nf6 2. c4 e6 3. b3 b6 4. g3 Bb7 5. Bg2 d5 6. cxd5 exd5 7. Bb2 Be7 8. O-O
O-O 9. d4 Re8 10. Nbd2 a5 11. Ne5 Na6 12. Re1 Bd6 13. Rc1 c5 14. Ndf3 Ne4 15. e3
Rc8 16. Re2 f6 17. Nd3 c4 18. bxc4 dxc4 19. Nde1 Qd7 20. Nd2 Nxd2 21. Rxd2 Bxg2
22. Nxg2 b5 23. Qe2 Nb4 24. Ba1 Nd3 25. Rb1 a4 26. e4 Bb4 27. Rdd1 Ba5 28. f3
Bb6 29. Rxd3 cxd3 30. Qxd3 Red8 31. Rd1 Bxd4+ 0-1

[Event "2nd Sharjah Masters 2018"]
[Site "Sharjah UAE"]
[Date "2018.04.12"]
[Round "1.21"]
[White "Jumabayev, Rinat"]
[Black "Gagare, Shalmali"]
[Result "1-0"]
[WhiteTitle "GM"]
[BlackTitle "WIM"]
[WhiteElo "2612"]
[BlackElo "2039"]
[WhiteFideId "13702661"]
[BlackFideId "5038650"]
[EventDate "2018.04.12"]

1. e4 e6 2. d4 d5 3. Nd2 c5 4. Ngf3 cxd4 5. Nxd4 Nf6 6. exd5 exd5 7. Bb5+ Bd7 8.
Qe2+ Qe7 9. O-O Qxe2 10. Bxe2 Nc6 11. Nb5 O-O-O 12. Nb3 a6 13. Nc3 Bf5 14. Bd1
d4 15. Na4 Nb4 16. Bf4 b5 17. Nac5 Rd5 18. a3 Bxc5 19. axb4 Bxb4 20. Rxa6 Kb7
21. Rxf6 gxf6 22. Bf3 Rd8 23. Nxd4 Kb6 24. Bxd5 Rxd5 25. Nxf5 Rxf5 26. Be3+ Bc5
27. b4 Bxe3 28. fxe3 Rxf1+ 29. Kxf1 f5 30. Ke2 Kc6 31. Kd3 Kd5 32. h3 h6 33. h4
h5 34. c3 f6 35. g3 Ke5 36. c4 bxc4+ 37. Kxc4 Ke4 38. b5 Kxe3 39. b6 Kf3 40. b7
Kxg3 41. b8=Q+ Kg2 42. Qf4 Kh1 43. Kd3 1-0

[Event "2nd Sharjah Masters 2018"]
[Site "Sharjah UAE"]
[Date "2018.04.12"]
[Round "1.25"]
[White "Narayanan, S.L."]
[Black "Bharath, Subramaniyam H"]
[Result "1-0"]
[WhiteTitle "GM"]
[BlackTitle "CM"]
[WhiteElo "2568"]
[BlackElo "1997"]
[WhiteFideId "5058422"]
[BlackFideId "46634827"]
[EventDate "2018.04.12"]

1. e4 c5 2. Nf3 e6 3. d4 cxd4 4. Nxd4 a6 5. Nc3 Qc7 6. Bd3 Nf6 7. O-O Be7 8. f4
d6 9. Kh1 O-O 10. Qe2 Nbd7 11. Bd2 b5 12. a4 bxa4 13. Nxa4 Bb7 14. Nb3 d5 15. e5
Ne4 16. Ba5 Qc6 17. Nd4 Qc8 18. f5 Bc5 19. Nxc5 Qxc5 20. c3 Rfe8 21. Bb4 Qb6 22.
fxe6 Nxe5 23. Bxe4 dxe4 24. exf7+ Nxf7 25. Nf5 Qe6 26. Bc5 g6 27. Ne3 Ne5 28. h3
a5 29. b3 a4 30. b4 a3 31. b5 a2 32. Bd4 Nf3 33. gxf3 Qxh3+ 34. Qh2 Qd7 35. Ng4
Re6 36. Qf4 h5 37. Nh6+ Kh7 38. Qf7+ Qxf7 39. Nxf7 Re7 40. Ng5+ Kh6 41. Nxe4 Rf8
42. Be3+ Kg7 43. Bc5 Rxf3 44. Bxe7 Re3 45. Kg1 Rxe4 46. Bf6+ Kh6 47. Rxa2 Rg4+
48. Kh2 Bd5 49. Rd2 Bb7 50. Rg1 Ra4 51. Bg5+ Kh7 52. Rd7+ Kh8 53. Bf6+ Kg8 54.
Rxb7 Rg4 55. Rd1 Re4 56. Rd8+ Re8 57. Rxe8# 1-0

[Event "2nd Sharjah Masters 2018"]
[Site "Sharjah UAE"]
[Date "2018.04.12"]
[Round "1.26"]
[White "Ahmed, Fareed"]
[Black "Petrosyan, Manuel"]
[Result "0-1"]
[WhiteTitle "FM"]
[BlackTitle "GM"]
[WhiteElo "1989"]
[BlackElo "2560"]
[WhiteFideId "9303677"]
[BlackFideId "13300857"]
[EventDate "2018.04.12"]

1. e4 c5 2. Nf3 e6 3. d4 cxd4 4. Nxd4 a6 5. Nc3 b5 6. Bd3 Qb6 7. Nb3 Qc7 8. Be3
Bb7 9. Qe2 Nf6 10. f4 d6 11. a3 Nbd7 12. O-O Be7 13. Kh1 O-O 14. Bd2 Rfe8 15.
Rae1 e5 16. f5 Nc5 17. Bg5 Rad8 18. Qf3 h6 19. Bh4 Nh7 20. Bxe7 Qxe7 21. Rd1 Nf6
22. Rfe1 Qc7 23. Nc1 d5 24. exd5 Nxd5 25. Nxd5 Bxd5 26. Qg3 f6 27. Qh4 Nxd3 28.
cxd3 Qc2 29. Qg4 Qxb2 30. Re3 Qd4 31. Qg3 Qf4 32. Ne2 Qxg3 33. Nxg3 Rc8 34. Re2
Red8 35. Kg1 Rc3 36. d4 Bb3 37. Rdd2 Rxd4 38. Rxd4 exd4 0-1

[Event "2nd Sharjah Masters 2018"]
[Site "Sharjah UAE"]
[Date "2018.04.12"]
[Round "1.27"]
[White "Abdusattorov, Nodirbek"]
[Black "Kakulidis, Ellen"]
[Result "1-0"]
[WhiteTitle "IM"]
[BlackTitle "WCM"]
[WhiteElo "2540"]
[BlackElo "1975"]
[WhiteFideId "14204118"]
[BlackFideId "1444972"]
[EventDate "2018.04.12"]

1. d4 d5 2. c4 e6 3. Nc3 Be7 4. Nf3 Nf6 5. Bg5 h6 6. Bh4 O-O 7. e3 b6 8. cxd5
exd5 9. Bd3 Re8 10. O-O Ne4 11. Bxe7 Rxe7 12. Qc2 Ba6 13. Bxa6 Nxa6 14. Ne5 Nb8
15. Nxe4 dxe4 16. Qxe4 Nd7 17. f4 Nxe5 18. dxe5 Qe8 19. Rad1 Rd8 20. Rd4 c5 21.
Rd3 Rxd3 22. Qxd3 Rd7 23. Qb3 Qe6 24. Qa4 Qd5 25. h3 Qd3 26. Kh2 Kf8 27. Rf3 Qd1
28. Qe4 Qd5 29. Qh7 Qxa2 30. Qh8+ Ke7 31. Qxg7 Qxb2 32. Qf6+ Ke8 33. Rg3 Rd2 34.
Rg8+ Kd7 35. Rd8+ Kc7 36. Qe7+ Kc6 37. Qe8+ Kc7 38. Rc8+ Kb7 39. Rb8+ Ka6 40.
Qa4# 1-0

[Event "2nd Sharjah Masters 2018"]
[Site "Sharjah UAE"]
[Date "2018.04.12"]
[Round "1.28"]
[White "Salim, Mohammed Salim Al Amri"]
[Black "Puranik, Abhimanyu"]
[Result "0-1"]
[WhiteTitle "FM"]
[BlackTitle "GM"]
[WhiteElo "1970"]
[BlackElo "2520"]
[WhiteFideId "22000089"]
[BlackFideId "5061245"]
[EventDate "2018.04.12"]

1. e4 e5 2. Nf3 Nc6 3. Bc4 Nf6 4. d3 h6 5. c3 d6 6. O-O g6 7. Bb3 Bg7 8. Re1 O-O
9. Nbd2 Re8 10. Nf1 Be6 11. Bc2 d5 12. Qe2 a6 13. Ng3 Qe7 14. h3 Rad8 15. Be3 b5
16. b3 b4 17. c4 dxe4 18. dxe4 Nd7 19. Rad1 Nc5 20. Rxd8 Rxd8 21. Rd1 Nd4 22.
Bxd4 exd4 23. e5 d3 24. Bxd3 Bc8 25. Bc2 Rxd1+ 26. Qxd1 Bb7 27. Qe2 Bxf3 28.
Qxf3 Qxe5 29. Qe2 Qa1+ 30. Bd1 h5 31. Qc2 a5 32. Nf1 Bd4 33. Bf3 Qc3 34. Qd1 Nd3
35. Ne3 Nxf2 0-1

[Event "2nd Sharjah Masters 2018"]
[Site "Sharjah UAE"]
[Date "2018.04.12"]
[Round "1.29"]
[White "Vishnu Prasanna, V"]
[Black "Polakhare, Aryan"]
[Result "1-0"]
[WhiteTitle "GM"]
[WhiteElo "2510"]
[BlackElo "1966"]
[WhiteFideId "5030692"]
[BlackFideId "25069632"]
[EventDate "2018.04.12"]

1. Nf3 Nf6 2. c4 b6 3. Nc3 Bb7 4. d4 e6 5. e3 Bb4 6. Bd2 O-O 7. Bd3 d5 8. cxd5
exd5 9. O-O Re8 10. Ne5 c5 11. a3 cxd4 12. exd4 Bd6 13. Nb5 Bxe5 14. dxe5 Rxe5
15. Bf4 Re7 16. Rc1 Nc6 17. Nd6 Na5 18. Nf5 Re6 19. Nd4 Re8 20. Bc7 Qe7 21. Nf5
Qd7 22. Qd2 Ne4 23. Qf4 Bc8 24. Nxg7 Kxg7 25. f3 Qf5 26. fxe4 dxe4 27. Qh4 Qg6
28. Be2 Bf5 29. Rc3 Qe6 30. b4 Nb7 31. Bc4 Qe7 32. Rg3+ Bg6 33. Rxg6+ Kh8 34.
Rg4 Qxh4 35. Rxh4 Re7 36. Rxf7 Rxf7 37. Bxf7 Kg7 38. Bd5 Rc8 39. Be5+ 1-0